1509 1420 1968 1045 1358 1548 1519 1734 1818 1422 1714 1967 1968 1148 1644 1871 1438 1364 1588 1662 1585 1815 1213 1521 1816 1483 1698 1567 1165 1420 1985 1963 1582 1828 1735 1115 1699 1424 1477 1944 1889 1822 1877 1253 1103 1852 1964 1509 1140 1716 1827 1194 1760 1438 1564 1530 1810 1039 1740 1730 1966 1931 1396 1475 1777 1411 1020 1129 1224 1017 1951 1240 1901 1447 1573 1484 1758 1468 1855 1690 1132 1235 1707 1934 1933 1719 1500 1644 1240 1040 1268 1352 1939 1180 1763 1424 1971 1048 1023 BCNSPRNW ULIB Ver.6.0+V

เปลี่ยนเป็นภาษาไทย

Change to English
 แสดงรายละเอียดบรรณานุกรม
  กลับหน้าหลัก

Brief Record : Get Marc (ISO 2709) : E-mail record : QR code < ปิดหน้าต่าง
LEADER : 00000nam 2200000uu 4500
001    13399111397
003     ULIB
008    110623s||||||||th 000 0 tha d
020    9786169001218
050  4 BQ1173^bธ321พ 2552
100 0  ธรรมรักษา
245 10 พระไตรปิฎก ฉบับเก็บตก/^cธรรมรักษา
250    พิมพ์ครั้งที่ 2
260    กรุงเทพฯ :^bรุ่งแสงการพิมพ์,^c2552
300    260หน้า
650  7 พระไตรปิฎก
945    ^p150^l0^i027472
995    ทศพร
999 ^a ใช้งานได้ทุกระบบ
รายการนี้ยังไม่มีแท็ก
คุณยังไม่ได้ล็อกอิน คุณสามารถมีกิจกรรมร่วมกับเว็บไซต์ได้ แต่ต้องล็อกอินก่อน ::
  ล็อกอิน

รายการสื่อสารสนเทศ

ลำดับที่ ประเภท เลขเรียก/บาร์โค้ด สถานที่ สถานะ
- ไม่พบข้อมูล -

รายการใกล้เคียง
    ผู้แต่ง [ธรรมรักษา]

    หัวเรื่อง [พระไตรปิฎก]

BibComment


ยังไม่เคยถูกคอมเมนท์

คอมเมนท์ทรัพยากรรายการนี้
  คอมเมนท์: พระไตรปิฎก ฉบับเก..


 Copyright 2026. Bcnsprnw @Library